Malala's magic pencil / by Malala Yousafzai.
Available copies
- 3 of 3 copies available at LARL/NWRL Consortium.
- 2 of 2 copies available at Lake Agassiz Regional Library. (Show preferred library)
Current holds
0 current holds with 3 total copies.
Show All Copies
| Location | Call Number / Copy Notes | Barcode | Shelving Location | Status | Due Date |
|---|---|---|---|---|---|
| Detroit Lakes Public Library | E 371.822 YOU (Text) | 33500012596748 | Main | Available | - |
| McIntosh Public Library | E 371.822 YOU (Text) | 33500012596755 | Main | Available | - |
| Thief River Falls Public Library | e 921 YOU (Text) | 35500005970262 | Main | Available | - |
Record details
- ISBN: 9780316319577
- ISBN: 0316319570
- Physical Description: pages cm
- Publisher: New York : Little, Brown and Company, 2017.
Content descriptions
| Target Audience Note: | Age 4 to 8. |
Search for related items by subject
| Genre: | Biography. Juvenile works. |
| LDR | 01745cam a22004818i 4500 | ||
|---|---|---|---|
| 001 | 262489 | ||
| 003 | LARL_NWRL_CONSORTIUM | ||
| 005 | 20170803105742.0 | ||
| 008 | 161216s2017 nyu j 000 0aeng | ||
| 010 | . | ‡a 2016029836 | |
| 040 | . | ‡aDLC ‡beng ‡erda ‡cDLC ‡dOCLCO ‡dBDX ‡dOCLCF ‡dBTCTA ‡dYDX ‡dOCLCQ ‡dOCLCO | |
| 020 | . | ‡a9780316319577 ‡q(hardcover) | |
| 020 | . | ‡a0316319570 ‡q(hardcover) | |
| 020 | . | ‡z9780316319836 ‡q(e-book) | |
| 020 | . | ‡z9780316319669 ‡q(library edition e-book) | |
| 035 | . | ‡a(OCoLC)966631718 | |
| 042 | . | ‡apcc | |
| 043 | . | ‡aa-pk--- | |
| 082 | 0 | 0. | ‡a371.822095491 ‡223 |
| 100 | 1 | . | ‡aYousafzai, Malala, ‡d1997- ‡eauthor. ‡0(LARL_NWRL_CONSORTIUM)220957 |
| 245 | 1 | 0. | ‡aMalala's magic pencil / ‡cby Malala Yousafzai. |
| 264 | 1. | ‡aNew York : ‡bLittle, Brown and Company, ‡c2017. | |
| 300 | . | ‡apages cm | |
| 336 | . | ‡atext ‡btxt ‡2rdacontent | |
| 337 | . | ‡aunmediated ‡bn ‡2rdamedia | |
| 338 | . | ‡avolume ‡bnc ‡2rdacarrier | |
| 521 | 1 | . | ‡aAge 4 to 8. |
| 600 | 1 | 0. | ‡aYousafzai, Malala, ‡d1997- ‡vJuvenile literature. |
| 650 | 0. | ‡aGirls ‡xEducation ‡zPakistan ‡vJuvenile literature. | |
| 650 | 0. | ‡aWomen social reformers ‡zPakistan ‡vBiography ‡vJuvenile literature. | |
| 600 | 1 | 7. | ‡aYousafzai, Malala, ‡d1997- ‡2fast ‡0(LARL_NWRL_CONSORTIUM)220957 |
| 650 | 7. | ‡aGirls ‡xEducation. ‡2fast | |
| 650 | 7. | ‡aWomen social reformers. ‡2fast ‡0(LARL_NWRL_CONSORTIUM)34775 | |
| 651 | 7. | ‡aPakistan. ‡2fast ‡0(LARL_NWRL_CONSORTIUM)4459 | |
| 655 | 7. | ‡aBiography. ‡2fast | |
| 655 | 7. | ‡aJuvenile works. ‡2fast | |
| 905 | . | ‡uvanderl | |
| 901 | . | ‡a262489 ‡b ‡c262489 ‡tbiblio ‡soclc | |

Add to basket
Permalink
Disable Highlighting